Gaming Quiz

Random Gaming or Pokémon Quiz

Non Evolving Pokemon(Gen 1) Quiz Stats

 Plays Quiz not verified by Sporcle

Also try: Diablo II Classes
Challenge
Share
Tweet
Embed
Score 0/25 Timer 05:00
0 Plays Today
Pokemon % Correct
Mew
94.5%
Mewtwo
94.1%
Zapdos
93%
Moltres
92.9%
Articuno
92.7%
Jynx
86.1%
Scyther
85.9%
Magmar
85.5%
Lapras
83.9%
Electabuzz
83.8%
Snorlax
81.6%
Tauros
81.4%
Kangaskhan
81.3%
Pokemon % Correct
Pinsir
79.3%
Chansey
77.7%
Onix
77.3%
Aerodactyl
76.3%
Farfetch'd
73.4%
Mr.Mime
73.4%
Ditto
72.9%
Tangela
70.9%
Porygon
70.4%
Hitmonlee
63.8%
Hitmonchan
63.8%
Lickitung
60.7%

You're not logged in!

Compare scores with friends on all Sporcle quizzes.
Join for Free
OR
Log In

You Might Also Like...

Show Comments

Extras

Created Jun 30, 2010ReportNominate
Tags:Pokémon Quiz, gen, Gen 1

Top Quizzes Today


Score Distribution

Your Account Isn't Verified!

In order to create a playlist on Sporcle, you need to verify the email address you used during registration. Go to your Sporcle Settings to finish the process.

Report this User

Report this user for behavior that violates our Community Guidelines.

Details: